2010 FIFA World Cup Host Cities and Stadiums - Statistics

General Stats
  • This quiz has been taken 51 times
  • The average score is 10 of 19
Answer Stats
Picture Hint Answer % Correct
South Africa Cape Town
100%
South Africa Johannesburg
96%
South Africa Pretoria
89%
South Africa Durban
85%
South Africa Port Elizabeth
85%
South Africa Bloemfontein
81%
8 games | Capacity: 84.490 Soccer City Stadium
74%
South Africa Polokwane
44%
7 games | Capacity: 55.686 Ellis Park Stadium
41%
8 games | Capacity: 64.100 Green Point Stadium
37%
South Africa Rustenburg
37%
8 games | Capacity: 42.486 Nelson Mandela Bay Stadium
33%
7 games | Capacity: 62.760 Durban Stadium
30%
South Africa Nelspruit
30%
6 games | Capacity: 42.000 Royal Bafokeng Stadium
30%
6 games | Capacity: 40.911 Free State Stadium
26%
6 games | Capacity: 42.858 Loftus Versfeld Stadium
22%
4 games | Capacity: 40.929 Mbombela Stadium
22%
4 games | Capacity: 41.733 Peter Mokaba Stadium
22%
No matching quizzes found
Score Distribution
Percent of People with Each Score
Percentile by Number Answered
Your Score History
You have not taken this quiz